000
00265nam a2200097Ia 4500
001
967755
005
20250826220330.0
008
250824s9999 xx 000 0 und d
245
0
_a
MIŞ GİBİ YETİŞKİNLER
_c
DOĞAN CÜCELOĞLU
260
_b
REMZİ KİTABEVİ YAYINLARI
999
_c
967755
_d
967755